<?xml version="1.0" encoding="UTF-8"?>
<marc:record xmlns:marc="http://www.loc.gov/MARC21/slim" type="Bibliographic">
   <marc:leader>00000pam a2200000 c 4500</marc:leader>
   <marc:controlfield tag="001">970023715</marc:controlfield>
   <marc:controlfield tag="003">DE-101</marc:controlfield>
   <marc:controlfield tag="005">20171203154540.0</marc:controlfield>
   <marc:controlfield tag="007">tu</marc:controlfield>
   <marc:controlfield tag="008">040129s2004    gw ||||| |||| 00||||ger  </marc:controlfield>
   <marc:datafield ind1=" " ind2=" " tag="015">
      <marc:subfield code="a">04,A17,0628</marc:subfield>
      <marc:subfield code="z">04,N09,0662</marc:subfield>
      <marc:subfield code="2">dnb</marc:subfield>
   </marc:datafield>
   <marc:datafield ind1="7" ind2=" " tag="016">
      <marc:subfield code="2">DE-101</marc:subfield>
      <marc:subfield code="a">970023715</marc:subfield>
   </marc:datafield>
   <marc:datafield ind1=" " ind2=" " tag="020">
      <marc:subfield code="a">9783825874995</marc:subfield>
      <marc:subfield code="c">kart. : EUR 25.90</marc:subfield>
      <marc:subfield code="9">978-3-8258-7499-5</marc:subfield>
   </marc:datafield>
   <marc:datafield ind1=" " ind2=" " tag="020">
      <marc:subfield code="a">3825874990</marc:subfield>
      <marc:subfield code="c">kart. : EUR 25.90</marc:subfield>
      <marc:subfield code="9">3-8258-7499-0</marc:subfield>
   </marc:datafield>
   <marc:datafield ind1="3" ind2=" " tag="024">
      <marc:subfield code="a">9783825874995</marc:subfield>
   </marc:datafield>
   <marc:datafield ind1=" " ind2=" " tag="035">
      <marc:subfield code="a">(DE-599)DNB970023715</marc:subfield>
   </marc:datafield>
   <marc:datafield ind1=" " ind2=" " tag="035">
      <marc:subfield code="a">(OCoLC)237833342</marc:subfield>
   </marc:datafield>
   <marc:datafield ind1=" " ind2=" " tag="040">
      <marc:subfield code="a">1145</marc:subfield>
      <marc:subfield code="b">ger</marc:subfield>
      <marc:subfield code="c">DE-101</marc:subfield>
      <marc:subfield code="d">9999</marc:subfield>
   </marc:datafield>
   <marc:datafield ind1=" " ind2=" " tag="041">
      <marc:subfield code="a">ger</marc:subfield>
   </marc:datafield>
   <marc:datafield ind1=" " ind2=" " tag="044">
      <marc:subfield code="c">XA-DE-NW</marc:subfield>
   </marc:datafield>
   <marc:datafield ind1="7" ind2="4" tag="082">
      <marc:subfield code="a">370</marc:subfield>
      <marc:subfield code="a">360</marc:subfield>
      <marc:subfield code="a">300</marc:subfield>
      <marc:subfield code="q">DE-101</marc:subfield>
      <marc:subfield code="2">22sdnb</marc:subfield>
   </marc:datafield>
   <marc:datafield ind1=" " ind2=" " tag="090">
      <marc:subfield code="a">b</marc:subfield>
   </marc:datafield>
   <marc:datafield ind1="0" ind2="0" tag="245">
      <marc:subfield code="a">Mediation in Schule und Jugendarbeit</marc:subfield>
      <marc:subfield code="b">Grundlagen - Konkretionen - Praxisbeispiele</marc:subfield>
      <marc:subfield code="c">[Evangelische Akademie Bad Boll]. Thomas Schlag (Hg.)</marc:subfield>
   </marc:datafield>
   <marc:datafield ind1=" " ind2="1" tag="264">
      <marc:subfield code="a">Münster</marc:subfield>
      <marc:subfield code="b">Lit</marc:subfield>
      <marc:subfield code="c">2004</marc:subfield>
   </marc:datafield>
   <marc:datafield ind1=" " ind2=" " tag="300">
      <marc:subfield code="a">299 S.</marc:subfield>
      <marc:subfield code="b">Ill.</marc:subfield>
      <marc:subfield code="c">24 cm</marc:subfield>
   </marc:datafield>
   <marc:datafield ind1=" " ind2=" " tag="336">
      <marc:subfield code="a">Text</marc:subfield>
      <marc:subfield code="b">txt</marc:subfield>
      <marc:subfield code="2">rdacontent</marc:subfield>
   </marc:datafield>
   <marc:datafield ind1=" " ind2=" " tag="337">
      <marc:subfield code="a">ohne Hilfsmittel zu benutzen</marc:subfield>
      <marc:subfield code="b">n</marc:subfield>
      <marc:subfield code="2">rdamedia</marc:subfield>
   </marc:datafield>
   <marc:datafield ind1=" " ind2=" " tag="338">
      <marc:subfield code="a">Band</marc:subfield>
      <marc:subfield code="b">nc</marc:subfield>
      <marc:subfield code="2">rdacarrier</marc:subfield>
   </marc:datafield>
   <marc:datafield ind1="1" ind2=" " tag="490">
      <marc:subfield code="a">Beratung und Supervision</marc:subfield>
      <marc:subfield code="v">Bd. 1</marc:subfield>
   </marc:datafield>
   <marc:datafield ind1=" " ind2=" " tag="500">
      <marc:subfield code="a">Literaturverz. S. 289 - 294</marc:subfield>
   </marc:datafield>
   <marc:datafield ind1=" " ind2="7" tag="650">
      <marc:subfield code="0">(DE-588)4164958-8</marc:subfield>
      <marc:subfield code="0">http://d-nb.info/gnd/4164958-8</marc:subfield>
      <marc:subfield code="0">(DE-101)041649583</marc:subfield>
      <marc:subfield code="a">Konfliktregelung</marc:subfield>
      <marc:subfield code="2">gnd</marc:subfield>
   </marc:datafield>
   <marc:datafield ind1=" " ind2="7" tag="650">
      <marc:subfield code="0">(DE-588)4191538-0</marc:subfield>
      <marc:subfield code="0">http://d-nb.info/gnd/4191538-0</marc:subfield>
      <marc:subfield code="0">(DE-101)041915380</marc:subfield>
      <marc:subfield code="a">Mediation</marc:subfield>
      <marc:subfield code="2">gnd</marc:subfield>
   </marc:datafield>
   <marc:datafield ind1=" " ind2="7" tag="650">
      <marc:subfield code="0">(DE-588)4053474-1</marc:subfield>
      <marc:subfield code="0">http://d-nb.info/gnd/4053474-1</marc:subfield>
      <marc:subfield code="0">(DE-101)04053474X</marc:subfield>
      <marc:subfield code="a">Schule</marc:subfield>
      <marc:subfield code="2">gnd</marc:subfield>
   </marc:datafield>
   <marc:datafield ind1=" " ind2="7" tag="650">
      <marc:subfield code="0">(DE-588)4164958-8</marc:subfield>
      <marc:subfield code="0">http://d-nb.info/gnd/4164958-8</marc:subfield>
      <marc:subfield code="0">(DE-101)041649583</marc:subfield>
      <marc:subfield code="a">Konfliktregelung</marc:subfield>
      <marc:subfield code="2">gnd</marc:subfield>
   </marc:datafield>
   <marc:datafield ind1=" " ind2="7" tag="650">
      <marc:subfield code="0">(DE-588)4191538-0</marc:subfield>
      <marc:subfield code="0">http://d-nb.info/gnd/4191538-0</marc:subfield>
      <marc:subfield code="0">(DE-101)041915380</marc:subfield>
      <marc:subfield code="a">Mediation</marc:subfield>
      <marc:subfield code="2">gnd</marc:subfield>
   </marc:datafield>
   <marc:datafield ind1=" " ind2="7" tag="650">
      <marc:subfield code="0">(DE-588)4028863-8</marc:subfield>
      <marc:subfield code="0">http://d-nb.info/gnd/4028863-8</marc:subfield>
      <marc:subfield code="0">(DE-101)040288633</marc:subfield>
      <marc:subfield code="a">Jugendarbeit</marc:subfield>
      <marc:subfield code="2">gnd</marc:subfield>
   </marc:datafield>
   <marc:datafield ind1=" " ind2=" " tag="653">
      <marc:subfield code="a">(VLB-PF)BC: Paperback</marc:subfield>
   </marc:datafield>
   <marc:datafield ind1=" " ind2="7" tag="655">
      <marc:subfield code="0">(DE-588)1071861417</marc:subfield>
      <marc:subfield code="0">http://d-nb.info/gnd/1071861417</marc:subfield>
      <marc:subfield code="0">(DE-101)1071861417</marc:subfield>
      <marc:subfield code="a">Konferenzschrift</marc:subfield>
      <marc:subfield code="y">2003</marc:subfield>
      <marc:subfield code="z">Bad Boll</marc:subfield>
      <marc:subfield code="2">gnd-content</marc:subfield>
   </marc:datafield>
   <marc:datafield ind1=" " ind2="7" tag="655">
      <marc:subfield code="a">Kongress</marc:subfield>
      <marc:subfield code="z">Bad Boll &lt;2003&gt;</marc:subfield>
      <marc:subfield code="2">gnd</marc:subfield>
   </marc:datafield>
   <marc:datafield ind1=" " ind2="7" tag="655">
      <marc:subfield code="a">Kongress</marc:subfield>
      <marc:subfield code="z">Bad Boll &lt;2003&gt;</marc:subfield>
      <marc:subfield code="2">gnd</marc:subfield>
   </marc:datafield>
   <marc:datafield ind1="0" ind2="0" tag="689">
      <marc:subfield code="0">(DE-588)4164958-8</marc:subfield>
      <marc:subfield code="0">http://d-nb.info/gnd/4164958-8</marc:subfield>
      <marc:subfield code="0">(DE-101)041649583</marc:subfield>
      <marc:subfield code="D">s</marc:subfield>
      <marc:subfield code="a">Konfliktregelung</marc:subfield>
   </marc:datafield>
   <marc:datafield ind1="0" ind2="1" tag="689">
      <marc:subfield code="0">(DE-588)4191538-0</marc:subfield>
      <marc:subfield code="0">http://d-nb.info/gnd/4191538-0</marc:subfield>
      <marc:subfield code="0">(DE-101)041915380</marc:subfield>
      <marc:subfield code="D">s</marc:subfield>
      <marc:subfield code="a">Mediation</marc:subfield>
   </marc:datafield>
   <marc:datafield ind1="0" ind2="2" tag="689">
      <marc:subfield code="0">(DE-588)4053474-1</marc:subfield>
      <marc:subfield code="0">http://d-nb.info/gnd/4053474-1</marc:subfield>
      <marc:subfield code="0">(DE-101)04053474X</marc:subfield>
      <marc:subfield code="D">s</marc:subfield>
      <marc:subfield code="a">Schule</marc:subfield>
   </marc:datafield>
   <marc:datafield ind1="0" ind2="3" tag="689">
      <marc:subfield code="A">f</marc:subfield>
      <marc:subfield code="a">Kongress</marc:subfield>
   </marc:datafield>
   <marc:datafield ind1="0" ind2="4" tag="689">
      <marc:subfield code="A">g</marc:subfield>
      <marc:subfield code="a">Bad Boll &lt;2003&gt;</marc:subfield>
   </marc:datafield>
   <marc:datafield ind1="0" ind2=" " tag="689">
      <marc:subfield code="5">DE-101</marc:subfield>
      <marc:subfield code="5">DE-101</marc:subfield>
   </marc:datafield>
   <marc:datafield ind1="1" ind2="0" tag="689">
      <marc:subfield code="0">(DE-588)4164958-8</marc:subfield>
      <marc:subfield code="0">http://d-nb.info/gnd/4164958-8</marc:subfield>
      <marc:subfield code="0">(DE-101)041649583</marc:subfield>
      <marc:subfield code="D">s</marc:subfield>
      <marc:subfield code="a">Konfliktregelung</marc:subfield>
   </marc:datafield>
   <marc:datafield ind1="1" ind2="1" tag="689">
      <marc:subfield code="0">(DE-588)4191538-0</marc:subfield>
      <marc:subfield code="0">http://d-nb.info/gnd/4191538-0</marc:subfield>
      <marc:subfield code="0">(DE-101)041915380</marc:subfield>
      <marc:subfield code="D">s</marc:subfield>
      <marc:subfield code="a">Mediation</marc:subfield>
   </marc:datafield>
   <marc:datafield ind1="1" ind2="2" tag="689">
      <marc:subfield code="0">(DE-588)4028863-8</marc:subfield>
      <marc:subfield code="0">http://d-nb.info/gnd/4028863-8</marc:subfield>
      <marc:subfield code="0">(DE-101)040288633</marc:subfield>
      <marc:subfield code="D">s</marc:subfield>
      <marc:subfield code="a">Jugendarbeit</marc:subfield>
   </marc:datafield>
   <marc:datafield ind1="1" ind2="3" tag="689">
      <marc:subfield code="A">f</marc:subfield>
      <marc:subfield code="a">Kongress</marc:subfield>
   </marc:datafield>
   <marc:datafield ind1="1" ind2="4" tag="689">
      <marc:subfield code="A">g</marc:subfield>
      <marc:subfield code="a">Bad Boll &lt;2003&gt;</marc:subfield>
   </marc:datafield>
   <marc:datafield ind1="1" ind2=" " tag="689">
      <marc:subfield code="5">DE-101</marc:subfield>
      <marc:subfield code="5">DE-101</marc:subfield>
   </marc:datafield>
   <marc:datafield ind1="1" ind2=" " tag="700">
      <marc:subfield code="0">(DE-588)118118234</marc:subfield>
      <marc:subfield code="0">http://d-nb.info/gnd/118118234</marc:subfield>
      <marc:subfield code="0">(DE-101)118118234</marc:subfield>
      <marc:subfield code="a">Schlag, Thomas</marc:subfield>
      <marc:subfield code="d">1965-</marc:subfield>
      <marc:subfield code="e">Herausgeber</marc:subfield>
      <marc:subfield code="4">edt</marc:subfield>
   </marc:datafield>
   <marc:datafield ind1="2" ind2=" " tag="710">
      <marc:subfield code="0">(DE-588)2009805-4</marc:subfield>
      <marc:subfield code="0">http://d-nb.info/gnd/2009805-4</marc:subfield>
      <marc:subfield code="0">(DE-101)004693973</marc:subfield>
      <marc:subfield code="a">Evangelische Akademie Bad Boll</marc:subfield>
      <marc:subfield code="e">Herausgebendes Organ</marc:subfield>
      <marc:subfield code="4">isb</marc:subfield>
   </marc:datafield>
   <marc:datafield ind1=" " ind2="0" tag="830">
      <marc:subfield code="a">Beratung und Supervision</marc:subfield>
      <marc:subfield code="v">Bd. 1</marc:subfield>
      <marc:subfield code="w">(DE-101)982027168</marc:subfield>
      <marc:subfield code="w">(DE-600)2260005-X</marc:subfield>
      <marc:subfield code="9">11</marc:subfield>
      <marc:subfield code="7">as</marc:subfield>
   </marc:datafield>
   <marc:datafield ind1=" " ind2=" " tag="850">
      <marc:subfield code="a">DE-101a</marc:subfield>
      <marc:subfield code="a">DE-101b</marc:subfield>
   </marc:datafield>
   <marc:datafield ind1="4" ind2="2" tag="856">
      <marc:subfield code="m">V:DE-604</marc:subfield>
      <marc:subfield code="q">application/pdf</marc:subfield>
      <marc:subfield code="u">http://d-nb.info/970023715/04</marc:subfield>
      <marc:subfield code="3">Inhaltsverzeichnis</marc:subfield>
   </marc:datafield>
   <marc:datafield ind1="r" ind2=" " tag="925">
      <marc:subfield code="a">ra</marc:subfield>
   </marc:datafield>
</marc:record>
